|
|
|
|
| LEADER |
00560nam a22001337a 4500 |
| 082 |
|
|
|a 677.18
|b COI
|
| 245 |
|
|
|a Coir board thirty second annual report 1985-86.
|
| 260 |
|
|
|a Cochin :
|b Coir House,
|c 1986.
|
| 300 |
|
|
|a 36p.;
|
| 500 |
|
|
|a Annual report on the activities of the coir board and the working of the coir industry act for the year 1985-86.
|
| 650 |
|
|
|a Economics
|v Coir
|v Annual report
|z Kerala
|
| 942 |
|
|
|c BK
|
| 999 |
|
|
|c 100801
|d 100801
|
| 952 |
|
|
|0 0
|1 0
|4 0
|6 677_180000000000000_COI
|7 0
|9 94232
|a SSS
|b SSS
|c CAS
|d 2012-09-10
|l 0
|o 677.18 COI
|p SSSMK1606
|r 2012-09-10
|w 2012-09-10
|y BK
|